| 000 | 00489nam a2200181Ia 4500 | ||
|---|---|---|---|
| 999 |
_c13927 _d13927 |
||
| 003 | OSt | ||
| 005 | 20201022123854.0 | ||
| 008 | 190216s9999||||xx |||||||||||||| ||und|| | ||
| 020 | _a0099631016 | ||
| 040 | _coclc | ||
| 082 |
_a813.54 _bDAR/N |
||
| 100 |
_aDarnton, John _96067 |
||
| 245 | 0 |
_aNeanderthal / _cJohn Darnton |
|
| 260 |
_bArrow Books, _c1988. _aLondon: |
||
| 300 | _a402p | ||
| 650 | _aEnglish Novel | ||
| 942 |
_cBK _2ddc _h813.54 _iDAR/N _k813.54 _mDAR/N |
||